Legislatíva projektov verejno-súkromného partnerstva v právnych predpisoch Európskej únie

PPP projekty v právnych predpisoch Európskej únie. Nová smernica Európskej komisie o koncesiách.

Uložené v:
Podrobná bibliografia
Hlavný autor: Holub, Dušan
Médium: Kapitola
Jazyk:Slovak
Predmet:
Tagy: Pridať tag
Žiadne tagy, Buďte prvý, kto otaguje tento záznam!

MARC

LEADER 00000naa a2200000 4500
001 0163780
005 20240521105248.6
041 0 |a slo 
044 |a SK 
245 1 0 |a Legislatíva projektov verejno-súkromného partnerstva v právnych predpisoch Európskej únie  |c Dušan Holub 
520 |a PPP projekty v právnych predpisoch Európskej únie. Nová smernica Európskej komisie o koncesiách. 
610 2 0 |a projekty medzinárodné 
610 2 0 |a Európska únia 
610 2 0 |a licencie 
610 2 0 |a predpisy právne 
610 2 0 |a právo medzinárodné 
610 2 0 |a partnerstvo verejno-súkromné 
100 1 |a Holub, Dušan